00642nam a2200193Ia 4500003000900000008004100009040001600050080001500066100002800081245011500109260003500224300001600259650002500275650001900300650001600319942000700335999001500342952009100357IN-BaIIA211028s9999 xx 000 0 eng d cIIA Library a530.1bJAU aJauncey, G. E. M.92368 0aModern physicsba second course in college physicscG. E. M Jauncey  aLondonbChapman and Hallc1933 axvii, 568p. aModern physics91851 aNASA Thesaurus aPhysics973 cBK c1123d1123 00104070aBANbBANcGENd0000-00-00l0o530.1/ JAUp1181r2021-11-05w0000-00-00yBK